|
|
|
|
| LEADER |
00000cam a2200000 7i4500 |
| 001 |
0000001662 |
| 005 |
20011005.0 |
| 090 |
0 |
0 |
|a FAO 634.973763
|b MAN 1984
|
| 245 |
0 |
0 |
|a MANGROVE forests in Asia-Pacific region :
|b a summary of available information :
|b special study on forest management, afforestation and utilization of forest resources in developing countries, Asia-Pacific region
|
| 260 |
0 |
0 |
|a Bangkok :
|b Food and Agriculture Organization of the United Nations ,
|c 1984
|
| 300 |
|
|
|a v, 38 p. :
|b ill. ;
|c 30 cm.
|
| 500 |
0 |
0 |
|a Bibliography : p. 30-32
|
| 650 |
0 |
0 |
|a Mangrove ecology
|
| 650 |
0 |
0 |
|a Mangrove plants
|
| 710 |
1 |
1 |
|a Food and Agriculture Organization of the United Nations (FAO)
|
| 998 |
|
|
|a JPSM
|
| 999 |
|
|
|a 0000002610
|b Monograph
|c Open Shelf
|e Default branch
|